000 00715cam a2200229 a 4500
001 3996873
005 20180315100645.0
008 960603s1997 nyua b 001 0 eng
010 _a 96009320
020 _a0814403395
040 _aDLC
_cDLC
_dDLC
041 _aeng
080 _a658.406 BRI
082 0 0 _a658.406 BRI
_220
100 1 _a54
101 _aMEN
245 1 4 _aThe four levers of corporate change /
_cPeter L. Brill and Richard Worth.
504 _aIncludes bibliographical references (p. 165-168) and index.
906 _a7
_bcbc
_corignew
_d1
_eocip
_f19
_gy-gencatlg
942 _2ddc
_cBK
999 _c45173
_d45173